书目信息 |
| 题名: |
花雨满天悟禅机
|
|
| 作者: | 李叔同 著 | |
| 分册: | ||
| 出版信息: | 西安 陕西师范大学出版社 2007.11 |
|
| 页数: | 15, 323页 | |
| 开本: | 24cm | |
| 丛书名: | ||
| 单 册: | ||
| 中图分类: | B94-53 | |
| 科图分类: | ||
| 主题词: | 佛教--fo jiao--文集 | |
| 电子资源: | ||
| ISBN: | 978-7-5613-3865-0 | |
| 000 | 00881nam0 2200241 450 | |
| 001 | 012008889600 | |
| 005 | 20080605115052.71 | |
| 010 | @a978-7-5613-3865-0@dCNY32.00 | |
| 100 | @a20080605d2007 em y0chiy0120 ea | |
| 101 | 0 | @achi |
| 102 | @aCN@b610000 | |
| 105 | @aach z 000yy | |
| 106 | @ar | |
| 200 | 1 | @a花雨满天悟禅机@Ahua yu man tian wu chan ji@e李叔同的佛心禅韵@f李叔同著@Fli shu tong zhu |
| 210 | @a西安@c陕西师范大学出版社@d2007.11 | |
| 215 | @a15, 323页@c图, 肖像, 摹真@d24cm | |
| 330 | @a本书中作者把他的学佛心得和人生哲理加以整理、修订,以大才子、大学者与大艺术家的俗家修为和通悟世事万物的得道高僧的境界向常人揭示出禅宗佛学的真谛。 | |
| 517 | 1 | @a李叔同的佛心禅韵@Ali shu tong de fo xin chan yun |
| 606 | 0 | @a佛教@Afo jiao@j文集 |
| 690 | @aB94-53@v4 | |
| 701 | 0 | @a李叔同@Ali shu tong@4著 |
| 801 | 0 | @aCN@bQSSK@c20080605 |
| 905 | @b725010-12@dB94-53@eL266@f3 | |
| 花雨满天悟禅机:李叔同的佛心禅韵/李叔同著.-西安:陕西师范大学出版社,2007.11 |
| 15, 323页:图, 肖像, 摹真;24cm |
| ISBN 978-7-5613-3865-0:CNY32.00 |
| 本书中作者把他的学佛心得和人生哲理加以整理、修订,以大才子、大学者与大艺术家的俗家修为和通悟世事万物的得道高僧的境界向常人揭示出禅宗佛学的真谛。 |
| ● |
| 相关链接 |
|
|
|
正题名:花雨满天悟禅机
索取号:B94-53/L266
 
预约/预借
| 序号 | 登录号 | 条形码 | 馆藏地/架位号 | 状态 | 备注 |
| 1 | 725010 | 207250106 | 自科二线400A/400A自科库 12排3列4层/ [索取号:B94-53/L266] | 在馆 | |
| 2 | 725011 | 207250115 | 自科二线400A/400A自科库 10排2列4层/ [索取号:B94-53/L266] | 在馆 | |
| 3 | 725012 | 207250124 | 自科二线400A/400A自科库 10排2列4层/ [索取号:B94-53/L266] | 在馆 |